| 000 | 00692nam a2200289Ia 4500 | ||
|---|---|---|---|
| 008 | 160803s9999 xx 000 0 und d | ||
| 020 | _a9780545270113 | ||
| 100 | _aWeeks, Sarah | ||
| 245 | _aPie / | ||
| 245 | _cSarah Weeks. | ||
| 260 | _aNew York : | ||
| 260 | _bScholastic Inc. | ||
| 260 | _c2011 | ||
| 300 | _a183 pages ; | ||
| 300 | _c19 cm | ||
| 650 | _aBakers -- | ||
| 650 | _aCooking -- | ||
| 650 | _aFamilies -- | ||
| 650 | _aMothers and daughters -- | ||
| 650 | _aPies -- | ||
| 650 | _xJuvenile fiction. | ||
| 650 | _xJuvenile fiction. | ||
| 650 | _xJuvenile fiction. | ||
| 650 | _xJuvenile fiction. | ||
| 650 | _xJuvenile fiction. | ||
| 700 | _a930 | ||
| 999 |
_c299828 _d299828 |
||